Statistics for Scotland Football One-Cap Wonders - #5 1980 to 1999

Click here to take the quiz!

General Stats

  • This quiz has been taken 10 times
  • The average score is 2 of 7

Answer Stats

YearOpponentClub RepresentedAnswer% Correct
1983Northern IrelandAberdeenDoug Rougvie
50%
1998Faroe Islands (+79)Newcastle United (ENG)Stephen Glass
38%
1992Northern Ireland (+76)HibernianKeith Wright
25%
1991Romania (+70)CelticMike Galloway
13%
1992United StatesCelticGordon Marshall
13%
1993Switzerland (+75)MotherwellPhil O'Donnell
13%
1999Germany (+72)AberdeenRobbie Winters
13%

Score Distribution

Percentile by Number Answered

Percent of People with Each Score

Your Score History

You have not taken this quiz